Manual de ingeniería de la producción industrial

-д хадгалсан:
Номзүйн дэлгэрэнгүй
Үндсэн зохиолчид: Maynard, Harold Bright (autor), Capmany Arbat, José (Зохиогч)
Формат: Ном
Хэл сонгох:испани
Хэвлэсэн: Barcelona Reverté 1960
Нөхцлүүд:
Шошгууд: Шошго нэмэх
Шошго байхгүй, Энэхүү баримтыг шошголох эхний хүн болох!

MARC

LEADER 00000nam a2200000 a 4500
001 UCV4697
003 CL-VaPUC
008 910722e19600000SP |||||||||||||||||spa|d
082 0 4 |a 658.5  |b MAY  |2 21 
100 |a Maynard, Harold Bright  |e autor  |9 427504 
700 0 |a Capmany Arbat, José  |e author  |9 298890 
245 1 0 |a Manual de ingeniería de la producción industrial 
300 |a 2 v 
942 |c BK 
945 |d 19910722 00:00:00 
260 |a Barcelona  |b Reverté  |c 1960 
500 |a v.2: Complementos 
650 0 |a Ingeniería industrial   |9 260973 
650 0 |a Manuales  |9 257144 
583 |a last modification  |c 19910722 00:00:00  |k Rodrigo Vera 
999 |c 211401  |d 211399 
952 |0 0  |1 0  |4 0  |6 658_500000000000000_MAY_1960  |7 0  |8 A  |9 190587  |a BIBING  |b BIBING  |d 2019-11-14  |h v.1  |i 2583291  |o 658.5 MAY 1960  |p 2583291  |r 2025-01-20  |w 2019-11-14  |y BK  |k TRA 
952 |0 0  |1 0  |4 0  |6 658_500000000000000_MAY_1960  |7 0  |8 A  |9 190588  |a BIBING  |b BIBING  |d 2019-11-14  |h v.2  |i 2583305  |o 658.5 MAY 1960  |p 2583305  |r 2025-01-20  |w 2019-11-14  |y BK  |k TRA 
952 |0 0  |1 0  |4 0  |6 658_500000000000000_MAY_1960  |7 0  |8 A  |9 190589  |a BIBING  |b BIBING  |d 2019-11-14  |h v.1  |i 1693743  |o 658.5 MAY 1960  |p 1693743  |r 2023-03-02  |w 2019-11-14  |y BK  |k EII 
952 |0 0  |1 0  |4 0  |6 658_500000000000000_MAY_1960  |7 0  |8 A  |9 190590  |a BIBING  |b BIBING  |d 2019-11-14  |h v.1  |i 1693751  |o 658.5 MAY 1960  |p 1693751  |r 2025-01-20  |w 2019-11-14  |y BK  |k EII 
952 |0 0  |1 0  |4 0  |6 658_500000000000000_MAY_1960  |7 0  |8 A  |9 190591  |a BIBING  |b BIBING  |d 2019-11-14  |h v.2  |i 169376K  |o 658.5 MAY 1960  |p 169376K  |r 2025-01-20  |w 2019-11-14  |y BK  |k EII 
952 |0 0  |1 0  |4 0  |6 658_500000000000000_MAY_1960  |7 0  |8 A  |9 190592  |a BIBING  |b BIBING  |d 2019-11-14  |h v.2  |i 1693778  |o 658.5 MAY 1960  |p 1693778  |r 2025-01-20  |w 2019-11-14  |y BK  |k EII 
952 |0 0  |1 0  |4 0  |6 658_500000000000000_MAY_1960  |7 0  |8 A  |9 190593  |a BIBENE  |b BIBENE  |d 2019-11-14  |h v.1  |i 1994425  |o 658.5 MAY 1960  |p 1994425  |r 2025-01-15  |w 2019-11-14  |y BK  |k ICO 
952 |0 0  |1 0  |4 0  |6 658_500000000000000_MAY_1960  |7 0  |8 A  |9 190594  |a BIBGIM  |b BIBGIM  |d 2019-11-14  |h v.2  |i 1418564  |o 658.5 MAY 1960  |p 1418564  |r 2025-01-15  |w 2019-11-14  |y BK  |k COM